00774 2200253 4500001002100000005001500021035002500036090001700061245013400078260004600212300003800258008004100296082001500337084001500352500003000367500001100397650002700408650002400435040001700459850001200476041000800488990001200496990001200508YOGYA00000000004775220180906013255 a0010-081400000047470 aL 330.95 ECO1 aEconomic survey of Asia and the Far East 1949 :bprepared by the Secretariat of the Economic Commission for Asia and the Far East3 aNew York :bDept. Economic Affairs,c1950 a485 halaman :bilustrasi ;c23 cm180906 g 0 eng 04223a330.95 a330.95 ECO aTeks dalam bahasa Inggris aindeks 4aKondisi ekonomi - Asia 4aPembangunan ekonomi aYOPDYOGbind aYOPDYOG0 aeng a53196-b a53196-b